| 000 | 00880nam a2200205 a 4500 | ||
|---|---|---|---|
| 005 | 20140310183602.0 | ||
| 008 | 120823s19uu xx 00 eng d | ||
| 020 | _a9789874252805 | ||
| 050 |
_aHV 40 _b.Sc6464 2010 |
||
| 245 |
_aStructured Revision Practice Science : _ba complete revision practice to PSLE / _cRajeswari K.,editor. |
||
| 250 | _a1st Ed. | ||
| 260 |
_aSingapore : _bFairfield Book Publishers Pte Ltd, _c2010. |
||
| 300 |
_a350 p. ; _bill. some col. ; _c26 cm. |
||
| 520 | _aThis book is specially designed to help students excel in the PSLE Science. All important topics from Primary 3 to Primary 6 are covered as structured revision practices to prepare students for the PSLE Science paper. | ||
| 521 | _aEDU | ||
| 650 |
_aScience _xStudy and teaching (Elementary) |
||
| 650 |
_aScience _xProblems, exercises, etc |
||
| 942 |
_cBK _2lcc _kFOR |
||
| 999 |
_c25118 _d25118 |
||